| 000 | 00518cam a2200205ua 4500 | ||
|---|---|---|---|
| 020 | _c20.00 | ||
| 041 |
_aeng _h |
||
| 082 |
_a629.132 _bHUG/SO |
||
| 100 | _aHuggett, Clayton . | ||
| 245 |
_aSolid propellant rockets / _cClayton Huggett. _hTextual Documents |
||
| 250 |
_a1 / _b. |
||
| 260 |
_aNewjersey : _bPrinceton university press , _c1960. |
||
| 300 | _a167 ; . | ||
| 365 | _a20.00 | ||
| 504 | _a | ||
| 700 | 1 | _aBartley, C E . | |
| 700 | 1 | _aMills, Mark . | |
| 942 | _cBK | ||
| 999 |
_c10109 _d10109 |
||